Essays in existentialism

Saved in:
Bibliografiske detaljer
Hovedforfatter: Sartre, Jean-Paul (Author)
Format: Bog
Sprog:spansk
Udgivet: Nueva York Citadel Press 1965
Fag:
Tags: Tilføj Tag
Ingen Tags, Vær først til at tagge denne postø!

MARC

LEADER 00000nam a2200000 a 4500
001 UCQ6210
003 CL-VaPUC
008 981009e19650000US |||||||||||||||||spa|d
082 0 4 |a 142.78  |b SAR  |2 21 
100 0 |a Sartre, Jean-Paul  |e author  |9 269377 
245 1 0 |a Essays in existentialism 
300 |a 437 p 
942 |c BK 
945 |d 19981009 00:00:00  |a crobeson 
260 |a Nueva York  |b Citadel Press  |c 1965 
650 0 |a Existencialismo  |9 265698 
650 0 |a Fenomenología  |9 256519 
650 0 |a Psicología   |9 257863 
650 0 |a Estética   |9 264950 
650 0 |a Nihilismo  |9 265670 
650 0 |a Escuelas filosóficas   |9 266232 
650 0 |a Filosofía contemporánea  |9 265372 
650 0 |a Ensayos franceses  |9 265511 
650 0 |a Literatura francesa  |9 266330 
583 |a last modification  |c 19981009 00:00:00  |k Rodrigo Vera 
999 |c 276212  |d 276210 
952 |0 0  |1 0  |4 0  |6 142_780000000000000_SAR_1965  |7 0  |8 A  |9 313361  |a BIBEDU  |b BIBEDU  |d 2019-11-20  |i 1476971  |o 142.78 SAR 1965  |p 1476971  |r 2019-11-20  |w 2019-11-20  |y BK  |k LIT